Sports Quiz

Random Sports or War Quiz

MLB All-Time Top 20 Hitters by WAR Ages 31-35 Quiz Stats

 Plays Quiz not verified by Sporcle

Score 0/20 Timer 05:00
0 Plays Today
Primary Team(s) Player % Correct
YankeesBabe Ruth
98.9%
GiantsBarry Bonds
96.9%
GiantsWillie Mays
96.6%
BravesHank Aaron
94.6%
YankeesLou Gehrig
93.7%
PhilliesMike Schmidt
93.4%
PiratesHonus Wagner
91.5%
CardinalsStan Musial
88.9%
PiratesRoberto Clemente
84.9%
NapsNap Lajoie
80.3%
Primary Team(s) Player % Correct
RedsPete Rose
78.6%
Giants/CubsRogers Hornsby
74.9%
DodgersJackie Robinson
74.6%
PiratesWillie Stargell
74.6%
IndiansTris Speaker
67.8%
TigersCharlie Gehringer
59.8%
AthleticsMark McGwire
55%
GiantsBill Terry
35%
CardinalsJim Edmonds
32.2%
GiantsRoger Connor
16.2%

You're not logged in!

Compare scores with friends on all Sporcle quizzes.
Join for Free
OR
Log In

You Might Also Like...

Show Comments

Extras

Top Quizzes Today


Score Distribution

Your Account Isn't Verified!

In order to create a playlist on Sporcle, you need to verify the email address you used during registration. Go to your Sporcle Settings to finish the process.

Report this User

Report this user for behavior that violates our Community Guidelines.

Details: